| 000 | 00969nam0a22002531 4500 | ||
|---|---|---|---|
| 001 | rc\4106076 | ||
| 005 | 20130415165435.4 | ||
| 021 |
_aRU _b[55-38638] |
||
| 035 | _a(NLR Aleph) 008142254 | ||
| 090 |
_a9491886 _c9491886 |
||
| 100 | _a20130415d1955 |||y0rusy50 ca | ||
| 101 | 0 | _arus | |
| 102 | _aRU | ||
| 105 | _ay z ||||| | ||
| 200 | 1 |
_aОрганизация нагула крупного рогатого скота _fМ-во сельского хозяйства БМАССР. Упр. с.-х. пропаганды |
|
| 210 |
_aУлан-Удэ _cБурят-Монгол. кн. изд-во _d1955 |
||
| 215 |
_a24 с. _d20 |
||
| 606 |
_aКрупный рогатый скот _xОткорм и нагул _yБурятско-Монгольская АССР _2psbo |
||
| 700 | 1 |
_aМункоев _bК. Т. _gКонстантин Тармаевич |
|
| 801 | 0 |
_aRU _bNLR _gpsbo |
|
| 801 | 1 |
_aRU _bELAR _2rusmarc |
|
| 852 |
_aNLR _jС90 Г-4/3299 |
||
| 942 | _cBOOK | ||
| 980 | _aNB | ||